The Tokyo chronicles : An American gaijin reveals the hidden truths of Japanese life and business

Spremljeno u:
Bibliografski detalji
Glavni autor: Siec, Albert L.
Format: Knjiga
Jezik:Undetermined
Izdano: Tokyo Oliver wight Publications, inc. 1994
Teme:
Oznake: Dodaj oznaku
Bez oznaka, Budi prvi tko označuje ovaj zapis!
Thư viện lưu trữ: Trung tâm Học liệu Trường Đại học Cần Thơ
LEADER 00708nam a2200229Ia 4500
001 CTU_87878
008 210402s9999 xx 000 0 und d
082 |a 395.52 
082 |b S571 
100 |a Siec, Albert L. 
245 4 |a The Tokyo chronicles : 
245 3 |b An American gaijin reveals the hidden truths of Japanese life and business 
245 0 |c Albert L. Siec 
260 |a Tokyo 
260 |b Oliver wight Publications, inc. 
260 |c 1994 
650 |a Business etiquette,Japan,National characteristics, Japanese 
650 |x Social life and customs 
650 |z Japan 
904 |i Trọng Hiếu 
904 |j KT004655 
980 |a Trung tâm Học liệu Trường Đại học Cần Thơ